| 000 | 01490nam a22003614a 4500 | ||
|---|---|---|---|
| 001 | ebr10074943 | ||
| 003 | CaPaEBR | ||
| 006 | m u | ||
| 007 | cr cn||||||||| | ||
| 008 | 990714s2000 flua s 001 0 eng | ||
| 010 | _z 99039628 | ||
| 020 | _z084939824X (alk. paper) | ||
| 040 |
_aCaPaEBR _cCaPaEBR |
||
| 035 | _a(OCoLC)309874699 | ||
| 050 | 1 | 4 |
_aHD30.2 _b.H364 2000eb |
| 082 | 0 | 4 |
_a658/.05 _221 |
| 245 | 0 | 0 |
_aEnterprise operations management handbook _h[electronic resource] / _cSteven F. Blanding, editor. |
| 250 | _a2nd ed. | ||
| 260 |
_aBoca Raton, Fla. : _bAuerbach, _cc2000. |
||
| 300 |
_ax, 660 p. : _bill. |
||
| 500 | _aRev. ed. of: Handbook of enterprise operations management, 1999 / John Wyzalek, editor. | ||
| 500 | _aIncludes index. | ||
| 533 |
_aElectronic reproduction. _bPalo Alto, Calif. : _cebrary, _d2013. _nAvailable via World Wide Web. _nAccess may be limited to ebrary affiliated libraries. |
||
| 650 | 0 |
_aInformation technology _xManagement. |
|
| 650 | 0 |
_aClient/server computing _xManagement. |
|
| 650 | 0 |
_aBusiness enterprises _xComputer networks _xManagement. |
|
| 650 | 0 |
_aElectronic data processing departments _xManagement. |
|
| 655 | 7 |
_aElectronic books. _2local |
|
| 700 | 1 | _aBlanding, Steven F. | |
| 710 | 2 | _aebrary, Inc. | |
| 730 | 0 | _aHandbook of enterprise operations management, 1999. | |
| 856 | 4 | 0 |
_uhttp://site.ebrary.com/lib/rucke/Doc?id=10074943 _zAn electronic book accessible through the World Wide Web; click to view |
| 999 |
_c154351 _d154351 |
||